Regularity theory for quasilinear elliptic systems and monge-ampere equations in two dimensions

Gorde:
Xehetasun bibliografikoak
Egile nagusia: Schulz, Friedmar (Egilea)
Formatua: Liburua
Hizkuntza:ingelesa
Argitaratua: Berlín Springer-Verlag 1990
Saila:Lecture notes in mathematics, 1445
Gaiak:
Etiketak: Etiketa erantsi
Etiketarik gabe, Izan zaitez lehena erregistro honi etiketa jartzen!

MARC

LEADER 00000nam a2200000 a 4500
001 UCW1156
003 CL-VaPUC
008 911017e19900000GW |||||||||||||||||eng|d
082 0 4 |a 515.353  |b SCH  |2 21 
100 0 |a Schulz, Friedmar  |e author  |9 305068 
245 1 0 |a Regularity theory for quasilinear elliptic systems and monge-ampere equations in two dimensions 
300 |a 123 p 
942 |c BK 
945 |d 19911017 00:00:00 
260 |a Berlín  |b Springer-Verlag  |c 1990 
650 7 |a ECUACIONES DIFERENCIALES ELIPTICAS  |2 CL-VaPUC  |9 270545 
583 |a last modification  |c 19911017 00:00:00  |k Rodrigo Vera 
490 0 |a Lecture notes in mathematics, 1445 
999 |c 216092  |d 216090 
952 |0 0  |1 0  |4 0  |6 515_353000000000000_SCH_1990  |7 0  |8 A  |9 201552  |a BIBMAT  |b BIBMAT  |d 2019-11-14  |i 268800K  |o 515.353 SCH 1990  |p 268800K  |r 2025-01-07  |w 2019-11-14  |y BK  |k MAT